[Event "Bratislava Centenary Championship"]
[Site "Bratislava"]
[Date "2019.05.10"]
[Round "1.1"]
[White "Franzen, Jozef"]
[Black "Privara, Igor"]
[Result "0-1"]
[WhiteElo "2229"]
[BlackElo "2177"]
[Annotator "TA"]
[PlyCount "94"]
[EventDate "2019.05.10"]
[EventType "tourn"]
[EventCountry "SVK"]
[SourceTitle "playchess.com"]
[Source "ChessBase"]
[SourceQuality "1"]

{[%evp 23,93,-29,-20,-47,-35,-35,0,-12,0,0,35,-119,-123,-121,-101,-123,-100,-129,-98,-187,-176,-145,-177,-209,-198,-211,-177,-224,-227,-230,-107,-391,-167,-170,-145,-140,-157,-322,-133,-179,-74,-84,14,7,202,-5727,-5727,-1570,-282,-280,402,-248,-248,-239,-219,-225,-204,-277,-197,-181,-183,-565,-553,-29989,-503,-630,-639,-767,-759,-5850,-5531,-29999]} 1. Nf3 d5 2. g3 c5 3. Bg2 Nf6 4. O-O Nc6 5. d3 e6 6. Nbd2 Be7 7. e4 O-O 8. Re1 b5 {[%cal Bb7b5,Bb5b4][%mdl 32]} 9. e5 Nd7 10. Nf1 a5 {[%cal Ba7a5,Ba5a4][%mdl 32]} 11. h4 b4 12. N1h2 Ba6 13. h5 {C00: French: Unusual White 2nd moves} h6 14. Ng4 a4 15. Nxh6+ {The position is equal.} (15. a3 bxa3 16. Rxa3 Bb7 17. Bxh6 gxh6 18. Qd2 Bg5 19. Nxh6+ Bxh6 20. Qxh6 {1-0 (35) Nepomniachtchi,I (2730)-Le,Q (2712) Dubai 2014}) 15... gxh6 16. Bxh6 Qc7 $146 ({Predecessor:} 16... Re8 17. c4 bxc3 18. bxc3 Kh7 19. Qd2 Qc7 20. d4 Rg8 21. Qf4 {½-½ (53) Deneuville,C (2169)-Jung,R (2272) ICCF email 2016}) 17. Nh2 $2 (17. Qc1 $14) 17... Kh7 $17 (17... Ncxe5 $6 18. f4 $11) 18. Bxf8 Rxf8 (18... Bxf8 $6 19. f4 $11) 19. f4 c4 20. dxc4 Bxc4 21. Nf3 (21. Ng4 $17 {keeps fighting.}) 21... Nc5 $19 {[%mdl 1024] Black has strong compensation.} 22. Kh2 Rg8 23. Nd2 Ba6 24. Rc1 Qb6 25. g4 Kh8 26. g5 Nd7 (26... Nxe5 $19 27. Rxe5 Nd7) 27. Qg4 $2 {[%mdl 8192] [#]} (27. Nf3 $17 {only move.}) 27... Qf2 (27... Ndxe5 $142 $1 {[%mdl 512]} 28. Qg3 (28. Rxe5 Nxe5) 28... Qd4 {[%mdl 64] Double Attack}) 28. Nf3 Nd4 $1 29. Nxd4 Qxd4 30. Bf3 $2 (30. Rcd1 $17 {was worth a try.} Qxb2 31. Rxd5) 30... Qf2+ (30... Qxb2 $19 {has better winning chances.} 31. g6 Bd3) 31. Kh1 Bc5 (31... Rc8 $1 $19 32. Qg2 Bc5) 32. Rg1 $17 Bd4 (32... f5 $17 33. exf6 Nxf6 {[%mdl 64] Pin}) 33. g6 $11 {[#] Threatens to win with Rg2.} fxg6 $2 (33... Bxe5 $1 $11 {[%mdl 512] and Black has nothing to worry.} 34. fxe5 Nxe5 {[%mdl 64] Double Attack}) 34. hxg6 $4 {[%mdl 8192]} (34. Rcd1 $18 Nf8 35. Rg2 (35. hxg6 $2 Kg7 $19)) 34... Kg7 $19 35. Rg3 Rh8+ $2 (35... Bf1 {( -> ...Rh8+)} 36. Qh4 Rh8 $1 {[%mdl 512]}) 36. Rh3 {[#]} Rxh3+ $1 37. Qxh3 {Threatening mate with Qh7+.} Nf8 38. f5 Bxe5 {And now ...exf5 would win.} 39. fxe6 {e7 is the strong threat.} Nxg6 40. Rg1 {Black must now prevent e7.} Bd4 {[%csl Gd4][%cal Rf2g1]} 41. Rd1 Kf6 $40 {[%mdl 128] Black goes for the king.} 42. Bxd5 $2 (42. e7 Kxe7 43. c3 (43. Bxd5 $2 Nf4 $19)) 42... Be2 43. Rb1 {[#] intending e7!} Ne7 (43... Nf4 $142 $1 {[%mdl 512]} 44. e7 {[%mdl 64] Decoy} Kxe7 45. Qh7+ Kd6 46. Qh6+ Kxd5 47. Qg5+ Kc6 48. Qh6+ Kb5 49. Qg5+ Bc5 50. Qxf4 Qxf4 51. Kg2 Bf3+ 52. Kh3 Qg4+ 53. Kh2 Qh4#) 44. Qh6+ Ke5 45. Qg5+ Kd6 46. Be4 Be5 {[%csl Ge5][%cal Rf2h2]} 47. c3 Qh2# {Accuracy: White = 20%, Black = 38%.} 0-1

[Event "Bratislava Centenary Championship"]
[Site "Bratislava"]
[Date "2019.05.10"]
[Round "1.2"]
[White "Kolman, Richard"]
[Black "Janos, Martin"]
[Result "1-0"]
[WhiteElo "1995"]
[BlackElo "2163"]
[Annotator "TA"]
[PlyCount "107"]
[EventDate "2019.05.10"]
[EventType "tourn"]
[EventCountry "SVK"]
[SourceTitle "playchess.com"]
[Source "ChessBase"]
[SourceQuality "1"]

{[%evp 9,107,3,22,19,27,20,60,31,56,0,46,37,37,28,50,47,53,62,99,75,106,78,142,152,142,116,120,108,145,119,136,110,119,103,111,109,92,90,114,41,33,34,35,-22,-22,-25,-18,-40,-6,-6,-6,-14,-19,-13,0,0,0,-5,0,0,0,0,0,0,0,0,8,16,16,9,168,163,159,122,131,84,196,220,477,469,535,587,544,575,505,402,382,413,345,77,329,172,937,933,837,889,870,826,1472,1506]} 1. d4 Nf6 2. Bf4 d6 3. Nc3 (3. Nf3 g6 4. Nc3 Bg7 5. e4 O-O 6. Qd2 c6 7. h3 b5 8. Bd3 Bb7 9. O-O b4 10. Ne2 c5 11. dxc5 Nxe4 12. Bxe4 Bxe4 13. Ng5 Bf5 14. cxd6 Nc6 {½-½ (43) Van Foreest,J (2614)-Guseinov,G (2664) St Petersburg 2018}) 3... Nbd7 4. Nf3 c5 5. e3 a6 6. a4 {A45: Trompowsky Attack} Qa5 7. Bd3 $146 ({Predecessor:} 7. Qd2 cxd4 8. exd4 e5 9. dxe5 dxe5 10. Bg3 Bb4 11. Ng5 h6 12. Nxf7 Kxf7 13. Bc4+ Kg6 14. O-O Re8 15. f3 Qc5+ {0-1 (15) Jaskolka,T (2115)-Mikrut,D (2379) Krakow 2018}) 7... g6 8. O-O {White is slightly better.} Bg7 9. Qd2 ({White should try} 9. Nd2 $14) 9... Qc7 10. a5 O-O 11. d5 b5 12. axb6 $1 Nxb6 13. e4 $36 {[%mdl 2048] White has some pressure.} Bb7 14. Rfe1 Nfd7 15. Bh6 Ne5 (15... Rfe8 $142) 16. Nxe5 $16 dxe5 17. Bxg7 Kxg7 18. Na4 Nd7 19. c4 Qd6 20. Nc3 Bc8 21. Re3 Nf6 22. Be2 Rb8 {[%cal Ba8b8,Bb8b4,Bb4d4][%mdl 32]} 23. Rg3 e6 24. Rf1 (24. Bd1 $16) 24... exd5 25. cxd5 Rb4 26. Bd3 (26. Re3 $14) 26... Bd7 $11 27. Re3 Rfb8 28. Nd1 Ba4 (28... Rd4 $5 {[%cal Rc5c4]} 29. Qc1 Ng4 $11) 29. Bc2 $1 Rd4 30. Qc3 Bxc2 31. Qxc2 Rbb4 {[%cal Rf6e4]} 32. f3 Qb6 33. Kh1 c4 {Hoping for ...Rxd1!} 34. Rc3 Nd7 35. Qc1 Nc5 $1 36. Qg5 $1 {[%cal Rg5e5]} f6 37. Qg4 $1 Qa7 38. Ne3 h5 39. Qg3 {White wants to play Nf5+.} Kh7 $2 (39... Nd3 $11) 40. Nc2 $18 a5 41. Nxb4 axb4 {[#]} 42. Rcc1 $1 Nd3 (42... Rd2 $16) 43. Ra1 Qb6 $2 (43... Qd7 44. Ra6 Qg7) 44. Qh3 {And now Qd7+ would win.} Qc7 45. Qe6 c3 46. bxc3 bxc3 {intending ...c2.} 47. Qxf6 c2 48. Ra8 {[%csl Ga8][%cal Rf6h8]} Qg7 49. Qg5 $2 (49. Qc6 $18 {is more deadly.} c1=Q 50. Rxc1 Nxc1 51. Qxc1) 49... Nf4 $2 {[%mdl 8192]} (49... Rc4 $16 {was called for.} 50. Raa1 Qc7) 50. g3 Qc7 $2 {[#]} (50... Rd1 51. Ra1 Rxa1 52. Rxa1 Qc7 53. gxf4 c1=Q+ 54. Rxc1 Qxc1+ 55. Qg1 (55. Kg2 exf4 56. Qh4 Kg7 $18) 55... Qxf4) 51. Qf6 $1 {[%csl Ga8][%cal Rf6h8] White is clearly winning.} Qg7 52. Qxg7+ Kxg7 53. gxf4 Rd1 54. Ra1 {Accuracy: White = 54%, Black = 26%.} 1-0

[Event "Bratislava Centenary Championship"]
[Site "Bratislava"]
[Date "2019.05.10"]
[Round "1.3"]
[White "Kostolansky, Sebastian Lukas"]
[Black "Bochnicka, Vladimir"]
[Result "1-0"]
[WhiteElo "2323"]
[BlackElo "2108"]
[Annotator "TA"]
[PlyCount "45"]
[EventDate "2019.05.10"]
[EventType "tourn"]
[EventCountry "SVK"]
[SourceTitle "playchess.com"]
[Source "ChessBase"]
[SourceQuality "1"]

{[%evp 11,45,28,38,20,31,0,0,-11,0,-31,21,17,17,-26,0,-15,0,0,0,0,0,-5,136,135,202,248,876,866,897,897,29989,29990,29990,29991,29992,29993]} 1. e4 e5 2. Nf3 Nf6 3. Nxe5 d6 4. Nf3 Nxe4 5. Nc3 Nf6 6. d4 Be7 7. Bf4 {C42: Petroff Defence: 3 Nxe5 and unusual White 3rd moves} (7. Bd3 O-O 8. O-O Nc6 9. d5 Nb4 10. Be2 c6 11. dxc6 bxc6 12. a3 Nbd5 13. Nxd5 Nxd5 14. Nd4 Bd7 15. Bf3 Rc8 16. Bxd5 cxd5 {1-0 (47) Caruana,F (2828)-Lenderman,A (2637) Saint Louis 2019}) 7... O-O 8. Qd2 Re8 9. O-O-O {The position is equal.} c6 10. Bd3 Nbd7 ({Black should try} 10... Na6 $15) 11. h4 $146 ({Predecessor:} 11. h3 b5 12. g4 b4 13. Ne4 Nxe4 14. Bxe4 d5 {1-0 (48) Nestorovic,N (2142)-Mingachev,M (2337) Budva 2003}) 11... b5 12. Ng5 Nf8 13. Rde1 h6 14. Nge4 $36 {[%mdl 2048] Black is under pressure.} Be6 15. Nxf6+ Bxf6 16. Ne4 {[%cal Bc3e4,Be4g3,Bg3h5][%mdl 32]} Be7 {[#]} (16... Bxa2 $11 17. Nxd6 Re6) 17. Bxh6 $1 $16 {[%mdl 512]} gxh6 (17... Bc4 $16 {was called for.}) 18. Qxh6 $18 {Strongly threatening Re3.} Bc4 $2 (18... Bf5) 19. Ng3 {Intending Nh5 and mate.} Bxh4 {[#]} 20. Bh7+ $1 {[%mdl 512]} Kh8 (20... Nxh7 21. Rxe8+) 21. Be4+ {[%mdl 64] Discovered Attack. White mates.} Kg8 22. Rxh4 {[%csl Gh4][%cal Rh6h8]} Ng6 {[#]} 23. Nh5 $1 {[%mdl 512] Accuracy: White = 63%, Black = 35%.} 1-0

[Event "Bratislava Centenary Championship"]
[Site "Bratislava"]
[Date "2019.05.10"]
[Round "1.4"]
[White "Schwarz, Dusan"]
[Black "Pacher, Milan"]
[Result "0-1"]
[WhiteElo "2326"]
[BlackElo "2396"]
[Annotator "RC"]
[PlyCount "82"]
[EventDate "2019.05.10"]
[EventType "tourn"]
[EventCountry "SVK"]
[SourceTitle "playchess.com"]
[Source "ChessBase"]
[SourceQuality "1"]
[TimeControl "40/5400+30:1800+30"]

1. d4 {[%emt 0:00:00]} Nf6 {[%emt 0:00:00]} 2. c4 {[%emt 0:00:00]} g6 {[%emt 0:00:09]} 3. Nc3 {[%emt 0:00:05]} Bg7 {[%emt 0:00:05]} 4. e4 {[%emt 0:00:12]} d6 {[%emt 0:00:05]} 5. f3 {[%emt 0:00:13]} O-O {[%emt 0:00:13]} 6. Nge2 {[%emt 0:00:21]} c5 {[%emt 0:00:22]} 7. d5 {[%emt 0:00:22]} e6 {[%emt 0:00:49]} 8. Ng3 {[%emt 0:00:26]} exd5 {[%emt 0:00:26]} 9. cxd5 {[%emt 0:00:07]} a6 {[%emt 0:00:30]} 10. a4 {[%emt 0:00:28]} h5 {[%emt 0:00:47]} 11. Bg5 {[%emt 0:03:12]} Qb6 {[%emt 0:04:04]} 12. Qd2 {[%emt 0:04:15]} Nh7 {[%emt 0:00:54]} 13. Bh4 {[%emt 0:03:36]} f6 {[%emt 0:09:03]} 14. Nge2 {[%emt 0:10:13]} f5 {[%emt 0:01:35]} 15. exf5 {[%emt 0:05:42]} Bxf5 {[%emt 0:03:25]} 16. a5 {[%emt 0:03:19]} Qc7 {[%emt 0:03:03]} 17. Ng3 {[%emt 0:01:48]} Nd7 {[%emt 0:06:58]} 18. Be2 {[%emt 0:07:37]} Bd4 {[%emt 0:05:03]} 19. Nxf5 {[%emt 0:07:33]} Rxf5 {[%emt 0:01:22]} 20. Bf2 {[%emt 0:11:09]} Bxf2+ {[%emt 0:01:04]} 21. Kxf2 {[%emt 0:00:08]} Ne5 {[%emt 0:00:24]} 22. Rhf1 {[%emt 0:03:40]} Raf8 {[%emt 0:02:07]} 23. Kg1 {[%emt 0:00:43]} Rf4 {[%emt 0:03:42]} 24. Ne4 {[%emt 0:05:02]} Qe7 {[%emt 0:01:39]} 25. Kh1 {[%emt 0:05:02]} h4 {[%emt 0:01:12]} 26. b4 {[%emt 0:06:07]} c4 {[%emt 0:04:40]} 27. Qe3 {[%emt 0:08:47]} Ng4 {[%emt 0:06:30]} 28. Qc3 {[%emt 0:05:45]} Nhf6 {[%emt 0:03:07]} 29. Nxf6+ {[%emt 0:01:49]} R8xf6 {[%emt 0:00:09]} 30. fxg4 {[%emt 0:01:36]} Qxe2 {[%emt 0:00:07]} 31. Qxf6 {[%emt 0:00:24]} Rxf6 {[%emt 0:00:03]} 32. Rxf6 {[%emt 0:00:08]} h3 {[%emt 0:01:00]} 33. Rg1 {[%emt 0:01:22]} hxg2+ {[%emt 0:06:30]} 34. Rxg2 {[%emt 0:00:06]} Qd1+ {[%emt 0:00:04]} 35. Rg1 {[%emt 0:00:05]} Qxd5+ {[%emt 0:00:06]} 36. Rg2 {[%emt 0:00:04]} c3 {[%emt 0:01:24]} 37. Rff2 {[%emt 0:01:15]} Qb3 {[%emt 0:03:37]} 38. h4 {[%emt 0:00:53]} d5 {[%emt 0:00:08]} 39. h5 {[%emt 0:01:00]} d4 {[%emt 0:00:50]} 40. h6 {[%emt 0:03:16]} d3 {[%emt 0:01:11]} 41. Rf6 {[%emt 0:31:22]} c2 {[%emt 0:31:26]} 0-1

[Event "Bratislava Centenary Championship"]
[Site "Bratislava"]
[Date "2019.05.10"]
[Round "1.5"]
[White "Oprea, Erik"]
[Black "Kralovic, Andrej"]
[Result "1/2-1/2"]
[WhiteElo "2127"]
[BlackElo "2253"]
[Annotator "TA"]
[PlyCount "61"]
[EventDate "2019.05.10"]
[EventType "tourn"]
[EventCountry "SVK"]
[SourceTitle "playchess.com"]
[Source "ChessBase"]
[SourceQuality "1"]

{[%evp 12,61,22,17,37,25,48,43,85,85,72,77,74,76,72,72,81,-21,56,60,61,-10,27,0,0,-1,0,0,54,0,0,-22,-25,-20,9,-45,-44,-75,-64,-49,0,-49,-31,-36,-25,-26,-37,-41,-10,-95,-95,-105]} 1. e4 e5 2. Nf3 Nc6 3. Bc4 Bc5 4. d3 Nf6 5. Bg5 d6 6. c3 h6 7. Bh4 Bb6 {C54: Giuoco Piano: 4 c3 Nf6, main lines with 5 d4 and 5 d3} (7... a6 8. a4 Ba7 9. Nbd2 g5 10. Bg3 Qe7 11. Nf1 Be6 12. Qe2 O-O-O 13. Bxe6+ Qxe6 14. Ne3 d5 15. Nf5 Nh5 {0-1 (49) Lu,S (2636)-Sethuraman,S (2664) Tianjin 2018}) 8. Nbd2 g5 9. Bg3 Nh5 {[#]White is slightly better.} 10. Nxe5 $146 ({Predecessor:} 10. Qc2 Bd7 11. b4 Qf6 12. Rf1 a5 13. Bd5 axb4 14. Bxc6 Bxc6 15. cxb4 {0-1 (28) Cave,C (2254)-Asabri,H (2215) Turin 2006}) 10... Nxg3 11. Bxf7+ Kf8 12. Ng6+ {[%mdl 64] Double Attack} Kxf7 13. Nxh8+ Qxh8 14. fxg3 ({White should play} 14. hxg3 $16 Kg8 15. Qh5) 14... Ne5 (14... Ke7 $11) 15. d4 $1 $14 Bg4 ({But not} 15... Nd3+ $2 16. Ke2 $18) 16. O-O+ (16. Qb3+ $14 Be6 17. Qb5) 16... Ke7 (16... Kg7 $5 {[%cal Rg4d1]} 17. Qe1 Rf8 $11) 17. Qb3 Be6 $36 {[%mdl 2048] Black is pushing.} 18. Qa4 Re8 19. Kh1 Bd7 (19... Nd7 $11) 20. Qb3 (20. Qc2 $14 Nc6 21. a4 (21. Qb3 Kd8 $14)) 20... Be6 $11 21. Qa4 Nd7 22. Nc4 Qg8 23. Ne3 (23. Na5 $11) 23... Kd8 $15 {[%mdl 1024] Black has compensation.} 24. Rad1 Kc8 ({Inferior is} 24... Bxa2 25. c4 $16) 25. c4 Bf7 26. e5 (26. Qc2 $5 {[%cal Rb2b4]}) 26... a6 $1 27. b3 $1 dxe5 28. c5 Ba7 29. c6 Nb6 30. cxb7+ (30. Qa5 $1 $11 Bh5 31. Rc1) 30... Kxb7 $17 31. Qb4 {Accuracy: White = 35%, Black = 44%.} 1/2-1/2

[Event "Bratislava Centenary Championship"]
[Site "Bratislava"]
[Date "2019.05.11"]
[Round "2.1"]
[White "Privara, Igor"]
[Black "Kralovic, Andrej"]
[Result "0-1"]
[WhiteElo "2177"]
[BlackElo "2253"]
[Annotator "NA RC"]
[PlyCount "60"]
[EventDate "2019.05.10"]
[EventType "tourn"]
[EventCountry "SVK"]
[SourceTitle "playchess.com"]
[Source "ChessBase"]
[SourceQuality "1"]
[TimeControl "40/5400+30:1800+30"]

1. e4 {[%emt 0:00:00]} e5 {[%emt 0:00:00]} 2. Nc3 {[%emt 0:00:17]} Nc6 {[%emt 0:00:00]} 3. g3 {[%emt 0:00:45]} Bc5 {[%emt 0:01:01]} 4. Bg2 {[%emt 0:00:18]} Nf6 {[%emt 0:01:11]} 5. Nge2 {[%emt 0:00:16]} O-O {[%emt 0:01:43]} 6. O-O {[%emt 0:00:20]} a6 {[%emt 0:01:08]} 7. Nd5 {[%emt 0:02:47]} Nxd5 8. exd5 {[%emt 0:00:06] C26: Vienna Game: 2...Nf6, sidelines} Nd4 {[%emt 0:04:25]} 9. c3 {[%emt 0:12:53]} (9. Nxd4 Bxd4 10. c3 Ba7 11. d3 d6 12. Be3 Bf5 13. Bxa7 Rxa7 14. f4 exf4 15. Rxf4 Qd7 {½-½ (40) Pytlik,P (2079)-Chovanec,M (2103) Slovakia 2017}) 9... Nxe2+ 10. Qxe2 {[%emt 0:00:07]} d6 {[%emt 0:03:14]} 11. b4 $146 {[%emt 0:05:33]} ({Predecessor:} 11. d3 Bd7 12. Be3 Bxe3 13. Qxe3 Qc8 14. Qe4 Bh3 15. f3 Bxg2 16. Kxg2 {0-1 (39) Jostman,A-Brock,D London,Canada 1995}) 11... Ba7 {[%emt 0:02:45]} 12. Bb2 {[%emt 0:00:17]} Bd7 {[%emt 0:02:31]} 13. Rad1 {[%emt 0:06:54]} Qg5 {[%emt 0:06:00]} 14. c4 {[%emt 0:11:33]} Rae8 {[%emt 0:04:42]} 15. d4 {[%emt 0:07:41]} exd4 {[%emt 0:15:07]} 16. Qd2 {[%emt 0:00:18]} Qxd2 {[%emt 0:15:26]} 17. Rxd2 {[%emt 0:00:08] [#]} d3 $1 {[%emt 0:00:18]} 18. Rc1 {[%emt 0:17:30]} f5 {[%emt 0:19:44]} 19. Bf3 {[%emt 0:05:11]} f4 {[%emt 0:01:08]} 20. g4 {[%emt 0:00:08]} Be3 {[%emt 0:04:13]} 21. fxe3 {[%emt 0:08:06]} fxe3 {[%emt 0:00:19] Discovered Attack} 22. Rxd3 {[%emt 0:00:33]} Rxf3 {[%emt 0:00:21]} 23. Re1 {[%emt 0:10:13]} Bxg4 {[%emt 0:04:01]} 24. Bd4 {[%emt 0:02:47]} e2 {[%emt 0:04:43]} 25. Rxf3 {[%emt 0:00:13]} Bxf3 {[%emt 0:00:06]} 26. Kf2 {[%emt 0:00:25]} Bg4 {[%emt 0:03:59]} 27. Rg1 {[%emt 0:02:11]} Re4 {[%emt 0:00:19]} 28. Ba1 {[%emt 0:01:54]} g6 {[%emt 0:00:25]} 29. Rc1 {[%emt 0:00:07]} Rf4+ {[%emt 0:01:04]} 30. Kg2 $19 {[%emt 0:00:41]} Rf1 {[%emt 0:01:28]} 0-1

[Event "Bratislava Centenary Championship"]
[Site "Bratislava"]
[Date "2019.05.11"]
[Round "2.2"]
[White "Pacher, Milan"]
[Black "Oprea, Erik"]
[Result "1-0"]
[WhiteElo "2396"]
[BlackElo "2127"]
[Annotator "TA"]
[PlyCount "67"]
[EventDate "2019.05.10"]
[EventType "tourn"]
[EventCountry "SVK"]
[SourceTitle "playchess.com"]
[Source "ChessBase"]
[SourceQuality "1"]

{[%evp 9,67,86,85,48,55,31,52,47,45,39,90,38,60,46,58,62,60,63,60,57,60,42,43,42,48,43,43,35,48,29,43,46,37,37,91,85,76,70,116,72,128,25,209,193,222,208,241,225,505,498,460,499,494,480,447,464,1078,1058,1035,1021]} 1. d4 e6 2. c4 c5 3. d5 e5 (3... exd5 4. cxd5 d6 5. Nc3 a6 6. a4 g6 7. Nf3 Bg7 8. Nd2 Nd7 9. e4 Nh6 10. Nc4 Nb6 11. Ne3 f5 12. a5 Nd7 13. exf5 O-O 14. fxg6 hxg6 {0-1 (58) Kryakvin,D (2588)-Ponkratov,P (2630) Khanty-Mansiysk 2018}) 4. Nc3 d6 5. e4 Be7 6. f4 {A43: Schmid Benoni} exf4 7. Bxf4 Bg5 $146 ({Predecessor:} 7... Bd7 8. Nf3 h6 9. Bd3 Qb6 10. Qc2 Na6 11. a3 Qa5 12. O-O Nf6 13. e5 Nh5 14. exd6 Nxf4 15. dxe7 Qc7 16. Bf5 Kxe7 17. Qe4+ Kd8 18. Bxd7 {1-0 (18) De Giorgis,G-Griffin,R IECG email 1998}) 8. Qd2 {White is slightly better.} Bxf4 9. Qxf4 {aiming for Nb5.} a6 (9... Nf6 $14) 10. Nf3 (10. e5 $16) 10... Qf6 $14 11. Qe3 Qh6 12. Qxh6 Nxh6 13. e5 dxe5 14. Nxe5 O-O 15. O-O-O Re8 16. Nd3 Bg4 17. Rd2 Nd7 18. h3 $36 {[%mdl 2048] White has good play.} Bf5 19. g4 Bxd3 20. Bxd3 {g5 is the strong threat.} f6 21. d6 Kh8 (21... Rab8 $14) 22. Be4 $16 Rab8 23. Bd5 Ne5 24. Ne4 b6 {[#]} ({Better is} 24... Nxc4 25. Bxc4 Rxe4) 25. Rhd1 ({White should try} 25. g5 $1 $16 {[%cal Rg5h6]} fxg5 26. Nxg5) 25... f5 $2 {[#]} (25... Rbd8 $1 $11) 26. Ng5 $1 $18 fxg4 27. hxg4 Rbd8 28. Be6 Nf3 $2 (28... g6 {was necessary.} 29. d7 Re7) 29. d7 {White is clearly winning.} Re7 30. Nxf3 Rxe6 31. Ng5 Re7 32. Rd6 Nf7 (32... Ng8 $142 33. Ne6 Rdxd7 34. Rxd7 Rxe6) 33. Re6 Rdxd7 34. Rxd7 {Accuracy: White = 57%, Black = 43%.} 1-0

[Event "Bratislava Centenary Championship"]
[Site "Bratislava"]
[Date "2019.05.11"]
[Round "2.3"]
[White "Bochnicka, Vladimir"]
[Black "Schwarz, Dusan"]
[Result "1-0"]
[WhiteElo "2108"]
[BlackElo "2326"]
[Annotator "NA RC"]
[PlyCount "79"]
[EventDate "2019.05.10"]
[EventType "tourn"]
[EventCountry "SVK"]
[SourceTitle "playchess.com"]
[Source "ChessBase"]
[SourceQuality "1"]
[TimeControl "40/5400+30:1800+30"]

1. e4 {[%emt 0:00:00]} c5 {[%emt 0:00:00]} 2. Nf3 {[%emt 0:00:00]} d6 {[%emt 0:00:00]} 3. d4 {[%emt 0:00:00]} cxd4 {[%emt 0:00:07]} 4. Nxd4 {[%emt 0:00:00]} Nf6 {[%emt 0:00:13]} 5. Nc3 {[%emt 0:00:00]} g6 {[%emt 0:00:17]} 6. Be2 {[%emt 0:00:07]} Bg7 {[%emt 0:00:17]} 7. O-O {[%emt 0:00:23]} Nc6 {[%emt 0:00:34]} 8. Nb3 {[%emt 0:00:06]} O-O {[%emt 0:00:32]} 9. Bg5 {[%emt 0:00:09]} Be6 {[%emt 0:02:00]} 10. Kh1 {[%emt 0:00:10]} Na5 {[%emt 0:04:04]} 11. f4 {[%emt 0:12:01]} Nc4 {[%emt 0:00:41]} 12. f5 {[%emt 0:08:19]} Nxb2 {[%emt 0:00:11]} 13. Qc1 {[%emt 0:01:31]} Bc4 {[%emt 0:00:30]} 14. Qxb2 {[%emt 0:01:14] B70: Sicilian Dragon: 6 g3 and 6 Be2 (without a later Be3)} Bxe2 {[%emt 0:00:31]} 15. Nxe2 {[%emt 0:00:02]} Nxe4 {[%emt 0:00:17]} 16. f6 Nxf6 {[%emt 0:04:53]} 17. Bxf6 {[%emt 0:03:54]} exf6 $146 {[%emt 0:02:49]} ({Predecessor:} 17... Bxf6 18. c3 Bg7 19. Rad1 Qb6 20. Qd2 Rac8 21. Rf3 d5 {1-0 (46) Guliyev,N (2526)-Asauskas,H (2357) Warsaw 2005}) 18. Rad1 {[%emt 0:02:52]} f5 {[%emt 0:04:06]} 19. Qc1 {[%emt 0:01:11]} Rc8 {[%emt 0:03:16]} 20. Rf3 {[%emt 0:06:38]} Re8 {[%emt 0:01:26]} 21. Nf4 {[%emt 0:10:35]} Qh4 {[%emt 0:09:04]} 22. Nd5 {[%emt 0:06:09]} Re2 {[%emt 0:10:19]} 23. c3 {[%emt 0:15:23]} (23. Rf4 $1 $11 Qg5 {[#]} 24. Rf2 $1 {[%mdl 512]} Qxc1 25. Nxc1 Rxf2 26. Ne7+ {[%mdl 64] Double Attack} Kf8 27. Nxc8) 23... Rce8 {[%emt 0:09:40]} 24. Nd4 {[%emt 0:04:08]} Rxa2 {[%emt 0:11:34]} 25. Re3 {[%emt 0:04:31]} ({White should play} 25. Qb1 $11 Ra5 26. Rfd3 (26. Qxb7 Bxd4 27. cxd4 Re1+ {[%mdl 64] Double Attack} 28. Rf1 Rxf1+ 29. Rxf1 Qxd4 $15)) 25... Re4 {[%emt 0:08:05]} 26. Rg3 {[%emt 0:10:20]} Be5 {[%emt 0:02:07]} 27. Nxf5 $1 {[%emt 0:01:50]} Qh5 {[%emt 0:08:30]} 28. Rh3 {[%emt 0:06:03]} Qe2 {[%emt 0:01:29]} 29. Nfe7+ {[%emt 0:00:37]} Kf8 {[%emt 0:01:26]} 30. Rg1 {[%emt 0:00:01]} h5 {[%emt 0:03:28]} 31. Qh6+ {[%emt 0:01:33]} Bg7 {[%emt 0:03:30]} 32. Nxg6+ {[%emt 0:01:39]} fxg6 {[%emt 0:00:18]} 33. Qxg6 {[%emt 0:00:26]} Rg4 {[%emt 0:05:00]} 34. Qf5+ {[%emt 0:01:25]} Kg8 {[%emt 0:00:30]} 35. Qc8+ {[%emt 0:00:40]} Kf7 $18 {[%emt 0:02:45]} 36. Qd7+ {[%emt 0:01:50]} Kg6 {[%emt 0:01:32]} 37. Ne7+ {[%emt 0:00:41]} Kh6 {[%emt 0:00:50]} 38. Rxh5+ {[%emt 0:00:55]} Kxh5 {[%emt 0:00:15]} 39. Qf5+ {[%emt 0:00:05]} Kh4 {[%emt 0:00:47]} 40. g3+ {[%emt 0:00:11]} 1-0